| 000 | 00743nam a2200217 a 4500 | ||
|---|---|---|---|
| 001 | BRCA_506 | ||
| 005 | 20190320203034.0 | ||
| 008 | 130508s1984----ph-a---###---#000-0#eng-# | ||
| 020 | _a0876330502 | ||
| 050 | 4 |
_aNK4483 _b.H54 1984 |
|
| 100 | 1 |
_aHiesinger, Kathryn B. _d1943- _91735 |
|
| 245 | 1 | 0 |
_aPorcelain _cKathryn B. Hiesinger. |
| 260 |
_aPhiladelphia _bPhiladelphia Museum of Art _cc1984 |
||
| 300 |
_a44 p. _bil. (algunas a color) _c15 cm. |
||
| 440 | 0 |
_aGuides to European Decorative Arts _v1 _91736 |
|
| 504 | _aBibliografía: p. [46-48] | ||
| 610 | 2 | 4 |
_aPhiladelphia Museum of Art _vCatálogos _91737 |
| 650 | 1 | 4 |
_aPorcelana _vCatálogos _zEuropa _91738 |
| 650 | 1 | 4 |
_aPorcelana _vCatálogos _zPennsylvania - Philadelphia _91739 |
| 942 |
_2lcc _cB |
||
| 999 |
_c439 _d439 |
||